Роль и место бизнес - модели как эффективного инструмента в управлении предприятием; Информационные технологии в науке, управлении, социальной сфере и медицине; Ч. 2
| Parent link: | Информационные технологии в науке, управлении, социальной сфере и медицине: сборник научных трудов Международной конференции с международным участием , 29 апреля - 2 мая 2014 г., Томск/ Национальный исследовательский Томский политехнический университет (ТПУ).— , 2014 Ч. 2.— 2014.— [С. 41-44] |
|---|---|
| 1. Verfasser: | |
| Zusammenfassung: | Заглавие с титульного экрана Dynamically developing external environment, competition in the domestic and foreign market encourages companies to adopt modern, more efficient management practices and technologies. Implementation of effective management tools is the basis for the creation of financial stability and development of the company. One such tool of management is a business - modeling. Concept of business - model is the subject of this article. |
| Sprache: | Russisch |
| Veröffentlicht: |
2014
|
| Schriftenreihe: | Информационные технологии в управлении производственными системами |
| Schlagworte: | |
| Online-Zugang: | http://www.lib.tpu.ru/fulltext/c/2014/C24/V2/017.pdf |
| Format: | MixedMaterials Elektronisch Buchkapitel |
| KOHA link: | https://koha.lib.tpu.ru/cgi-bin/koha/opac-detail.pl?biblionumber=607958 |
MARC
| LEADER | 00000naa2a2200000 4500 | ||
|---|---|---|---|
| 001 | 607958 | ||
| 005 | 20260316144223.0 | ||
| 035 | |a (RuTPU)RU\TPU\conf\5374 | ||
| 035 | |a RU\TPU\conf\5373 | ||
| 090 | |a 607958 | ||
| 100 | |a 20140908d2014 k y0rusy50 ca | ||
| 101 | 0 | |a rus | |
| 102 | |a RU | ||
| 135 | |a drnn ---uucaa | ||
| 181 | 0 | |a i | |
| 182 | 0 | |a b | |
| 200 | 1 | |a Роль и место бизнес - модели как эффективного инструмента в управлении предприятием |f А. В. Дудникова |d The role of business model as effective tool in enterprise management | |
| 203 | |a Текст |c электронный | ||
| 225 | 1 | |a Информационные технологии в управлении производственными системами | |
| 300 | |a Заглавие с титульного экрана | ||
| 320 | |a [Библиогр.: с. 44 (4 назв.)] | ||
| 330 | |a Dynamically developing external environment, competition in the domestic and foreign market encourages companies to adopt modern, more efficient management practices and technologies. Implementation of effective management tools is the basis for the creation of financial stability and development of the company. One such tool of management is a business - modeling. Concept of business - model is the subject of this article. | ||
| 337 | |a Adobe Reader | ||
| 461 | 1 | |0 (RuTPU)RU\TPU\conf\4263 |t Информационные технологии в науке, управлении, социальной сфере и медицине |o сборник научных трудов Международной конференции с международным участием , 29 апреля - 2 мая 2014 г., Томск |o в 2 ч. |f Национальный исследовательский Томский политехнический университет (ТПУ) |d 2014 | |
| 463 | 1 | |0 (RuTPU)RU\TPU\conf\4265 |t Ч. 2 |v [С. 41-44] |d 2014 | |
| 510 | 1 | |a The role of business model as effective tool in enterprise management |z eng | |
| 610 | 1 | |a труды учёных ТПУ | |
| 610 | 1 | |a электронный ресурс | |
| 610 | 1 | |a моделирование | |
| 610 | 1 | |a бизнес-игры | |
| 610 | 1 | |a модели | |
| 610 | 1 | |a управление производством | |
| 610 | 1 | |a предприятия | |
| 700 | 1 | |a Дудникова |b А. В. | |
| 801 | 2 | |a RU |b 63413507 |c 20140908 |g RCR | |
| 856 | 4 | |u http://www.lib.tpu.ru/fulltext/c/2014/C24/V2/017.pdf | |
| 942 | |c BK | ||